SoS Defence v Spencer and another (Record no. 72051)
[ view plain ]
| 000 -LEADER | |
|---|---|
| fixed length control field | 01288cam a2200229 4500 |
| 001 - CONTROL NUMBER | |
| control field | ABS66361 |
| 008 - FIXED-LENGTH DATA ELEMENTS--GENERAL INFORMATION | |
| fixed length control field | 030204n2003 000 0 eng u |
| 035 ## - SYSTEM CONTROL NUMBER | |
| System control number | (Sirsi) u121237 |
| 245 ## - TITLE STATEMENT | |
| Title | SoS Defence v Spencer and another |
| 260 ## - PUBLICATION, DISTRIBUTION, ETC. | |
| Date of publication, distribution, etc. | 2003 |
| 490 ## - SERIES STATEMENT | |
| Series statement | Weekly Law Reports |
| Volume/sequential designation | [2003] 1 WLR 75-86(11) |
| 520 ## - SUMMARY, ETC. | |
| Summary, etc. | [2002] EWHC 2116 (ChD) 17 October 2002. Debated the application and interpretation of the Agricultural Holdings Act 1986 Sched 2 para 6. The SoS Defence (D) had appealed against an earlier hearing where it was decided that D's contention that the incorporation of additional land into an agricultural holding tenancy was not a provision 'for adjustment of the boundaries of the holding' under the Agricultural Holdings Act 1986 Sched 2 para 6. As a result of this appeal it was held that it was a provision 'for any other variation of the terms of the tenancy' under the same paragraph. |
| 590 ## - LOCAL NOTE (RLIN) | |
| Local note | ABS |
| 650 ## - SUBJECT ADDED ENTRY--TOPICAL TERM | |
| Topical term or geographic name entry element | AGRICULTURAL HOLDINGS ACT 1986 SCHED 2 PARA 6 |
| 650 ## - SUBJECT ADDED ENTRY--TOPICAL TERM | |
| Topical term or geographic name entry element | SOS DEFENCE V SPENCER AND ANOTHER |
| 650 ## - SUBJECT ADDED ENTRY--TOPICAL TERM | |
| Topical term or geographic name entry element | AGRICULTURAL HOLDINGS |
| 650 ## - SUBJECT ADDED ENTRY--TOPICAL TERM | |
| Topical term or geographic name entry element | PROPERTY-LANDLORD AND TENANT-TENANCIES-AGRICULTURAL TENANCIES |
| 650 ## - SUBJECT ADDED ENTRY--TOPICAL TERM | |
| Topical term or geographic name entry element | RENT REVIEWS |
| 650 ## - SUBJECT ADDED ENTRY--TOPICAL TERM | |
| Topical term or geographic name entry element | MANN V GARDNER |
| 690 ## - LOCAL SUBJECT ADDED ENTRY--TOPICAL TERM (OCLC, RLIN) | |
| Topical term or geographic name as entry element | LANDLORD AND TENANT-AGRICULTURAL TENANCIES-CASE LAW |
| 942 ## - ADDED ENTRY ELEMENTS (KOHA) | |
| Suppress in OPAC | 0 |
| Withdrawn status | Lost status | Source of classification or shelving scheme | Damaged status | Not for loan | Home library | Current library | Shelving location | Date acquired | Total Checkouts | Full call number | Barcode | Date last seen | Copy number | Price effective from | Koha item type |
|---|---|---|---|---|---|---|---|---|---|---|---|---|---|---|---|
| Dewey Decimal Classification | London | London | Journal article | 04/02/2003 | ABS66361 | 121237-1001 | 06/08/2019 | 1 | 06/08/2019 | Law report |